00525nam a2200229 4500008004100000020001800041020001800059082000800077082000800085100001300093245003400106250000600140260003000146300000900176300001300185500001300198504000500211504002400216600002300240650001500263999001700278110906s9999 xx 000 0 und d a0-7131-0569-0 a(paper back):00a65800acow0 acowling,10amanaging human resources:ca; a1 auk:bedward arnoldc1981, a247, avii.c21 ano index a aincludes references10agxmutiple authors 0amanagement c49338d49338